<?xml version="1.0" encoding="UTF-8"?>
<collection xmlns="http://www.loc.gov/MARC21/slim">
 <record>
  <leader>00832nab a2200181 i 4500</leader>
  <controlfield tag="001">misc74635</controlfield>
  <controlfield tag="005">20240130135044.0</controlfield>
  <controlfield tag="008">240126s1983    hu      o     000   hun d</controlfield>
  <datafield tag="040" ind1=" " ind2=" ">
   <subfield code="a">SZTE Miscellanea Repozitórium</subfield>
   <subfield code="b">hun</subfield>
  </datafield>
  <datafield tag="041" ind1=" " ind2=" ">
   <subfield code="a">hun</subfield>
  </datafield>
  <datafield tag="100" ind1="1" ind2=" ">
   <subfield code="a">Sz. Gy.</subfield>
  </datafield>
  <datafield tag="245" ind1="1" ind2="0">
   <subfield code="a">Lenhossék József és Lenhossék Mihály</subfield>
   <subfield code="h">[elektronikus dokumentum] /</subfield>
   <subfield code="c"> Sz. Gy.</subfield>
  </datafield>
  <datafield tag="260" ind1=" " ind2=" ">
   <subfield code="c">1983-05-28</subfield>
  </datafield>
  <datafield tag="300" ind1=" " ind2=" ">
   <subfield code="a">18-19</subfield>
  </datafield>
  <datafield tag="490" ind1="0" ind2=" ">
   <subfield code="a">Magyar Hírek</subfield>
   <subfield code="v">36 No. 11</subfield>
  </datafield>
  <datafield tag="561" ind1=" " ind2=" ">
   <subfield code="a">Szent-Györgyi Albertről szóló irodalom</subfield>
  </datafield>
  <datafield tag="695" ind1=" " ind2=" ">
   <subfield code="a">Lenhossék József, Lenhossék Mihály, Bossány Emma, Szent-Györgyi Albert, Brücke és Hyrtl, Szily Aurél, Verzár Frigyes, Navratil Dezső, Pólya Jenő, Hillebrand Jenő, Kiss Ferenc, Krompecher István, Korányi frigyes</subfield>
  </datafield>
  <datafield tag="856" ind1="4" ind2="0">
   <subfield code="u">http://misc.bibl.u-szeged.hu/74635/1/magyar_hirek_1983_036_016-017_040-041.pdf</subfield>
   <subfield code="z">Dokumentum-elérés </subfield>
  </datafield>
 </record>
</collection>
